000 00787cam a22002173a 4500
001 44636
003 PGUSA
005 20140828084023.0
008 140111s2014||||xxu|||||s|||||000 | eng d
040 _aPGUSA
_beng
042 _adc
100 1 _aWood, Thomas,
_d1883-
245 1 4 _aThe Mosaic History of the Creation of the World :
_bIllustrated by Discoveries and Experiments Derived from the Present Enlightened State of Science; With Reflections, Intended to Promote Vital and Practical Religion
_h[electronic resource] /
_cThomas Wood
260 _bProject Gutenberg,
_c2014
506 _aPublic domain in the USA.
516 _aElectronic text
700 1 _aDurbin, J. P.
830 0 _aProject Gutenberg
_v44636
856 4 0 _uhttp://www.gutenberg.org/ebooks/44636
942 _cEB
999 _c273887
_d273887